[Event "Berliner Sommer"]
[Site "Berlin"]
[Date "1994.??.??"]
[Round "?"]
[White "Moran, Augusto"]
[Black "Lerner, Konstantin Z"]
[Result "1/2-1/2"]
[WhiteElo "2415"]
[BlackElo "2570"]

1.d4 Nf6 2.c4 e6 3.Nf3 b6 4.Nc3 Bb4 5.Qb3 c5 6.a3 Ba5 7.Bg5 h6 8.Bh4 g5 9.Bg3 Ne4
10.e3 Nc6 11.Bd3 Nxg3 12.hxg3 g4 13.d5 exd5 14.cxd5 gxf3 15.dxc6 fxg2 16.Rg1 Qf6
17.O-O-O Bxc3 18.cxd7+ Bxd7 19.Qxc3 Qxc3+ 20.bxc3 Bc6 21.e4 O-O-O 22.f3 f5
23.Rxg2 fxe4 24.Bxe4 Bxe4 25.fxe4 Rde8 26.Re2 Rhg8 27.Re3 Rg5 28.Rd6 h5 29.Kc2 Rge5
30.Kd3 Kc7 31.Rh6 R8e7 32.Rf6 Rd7+ 33.Kc4 a6 34.a4 Rd6 35.Rf5 Rde6 36.Rxe5 Rxe5
37.Kd3 Kd6 38.Rf3 Ke7 39.Ke3 b5 40.axb5 axb5 41.Rf2 Rg5 42.Kf4 Rg4+ 43.Kf3 Rg8
44.Rb2 Rb8 45.Rh2 Rh8 46.Rb2 Rb8 47.Rh2 Rh8  1/2-1/2

[Event "Berliner Sommer"]
[Site "Berlin"]
[Date "1994.??.??"]
[Round "?"]
[White "Baginskaite, Kamile"]
[Black "Chuchelov, Vladimir"]
[Result "0-1"]
[WhiteElo "2325"]
[BlackElo "2475"]

1.d4 Nf6 2.Nf3 e6 3.c4 b6 4.Nc3 Bb7 5.Bg5 Bb4 6.Qb3 Qe7 7.e3 c5 8.dxc5 bxc5
9.a3 Bxc3+ 10.Qxc3 a5 11.Bd3 h6 12.Bh4 d6 13.Bc2 a4 14.O-O-O Nbd7 15.Nd2 Ra6
16.f4 Kd8 17.Be4 Bxe4 18.Nxe4 Kc7 19.Nxf6 gxf6 20.e4 Rb8 21.e5 Rb3 22.exd6+ Qxd6
23.Qd2 Rab6 24.Qf2 Qc6 25.Rd2 Qe4 26.Rhd1 Rc3+ 27.Rc2 Rxc2+ 28.Qxc2 Qxf4+
29.Kb1 Qxh4 30.Qxa4 Qe4+ 31.Ka2 Qc6 32.Rxd7+ Kxd7  0-1

[Event "Berliner Sommer"]
[Site "Berlin"]
[Date "1994.??.??"]
[Round "?"]
[White "Von Herman, Ulf"]
[Black "Berzinsh, Roland"]
[Result "1-0"]
[WhiteElo "2290"]
[BlackElo "2465"]

1.d4 Nf6 2.c4 e6 3.Nf3 b6 4.Nc3 Bb7 5.g3 c5 6.d5 exd5 7.cxd5 b5 8.Bg5 c4
9.Bg2 a6 10.O-O h6 11.Bxf6 Qxf6 12.e4 Be7 13.e5 Qb6 14.a4 O-O 15.Nd4 Bc5
16.Nf5 Re8 17.a5 Qa7 18.Qg4 g6 19.Nxh6+ Kg7 20.Qf4 Rf8 21.Ng4  1-0

[Event "Berliner Sommer"]
[Site "Berlin"]
[Date "1994.??.??"]
[Round "?"]
[White "Mikhalevski, Alexander"]
[Black "Preuschoff, Michael"]
[Result "1-0"]
[WhiteElo "2455"]
[BlackElo "2255"]

1.d4 Nf6 2.c4 e6 3.Nf3 b6 4.Nc3 Bb7 5.a3 d5 6.Bg5 Be7 7.Qa4+ c6 8.cxd5 exd5
9.e3 Nbd7 10.Bd3 O-O 11.O-O Re8 12.Rad1 a5 13.Qc2 Ba6 14.Bxa6 Rxa6 15.Bxf6 Nxf6
16.Ne5 Qa8 17.e4 dxe4 18.Nxe4 c5 19.Qc4 Nxe4 20.Nxf7 Kf8 21.Ne5  1-0

[Event "Berliner Sommer"]
[Site "Berlin"]
[Date "1994.??.??"]
[Round "?"]
[White "Loeffler, Stefan"]
[Black "Richter, Goetz"]
[Result "1-0"]
[WhiteElo "2420"]
[BlackElo "2230"]

1.Nf3 Nf6 2.c4 b6 3.d4 e6 4.Nc3 Bb4 5.Qc2 c5 6.dxc5 Bxc5 7.g3 Nc6 8.Bg2 O-O
9.O-O Ba6 10.Bf4 Rc8 11.Qa4 Bb7 12.Rfd1 Qe7 13.a3 a5 14.Bg5 h6 15.Bxf6 gxf6
16.Rd3 Rfd8 17.Rad1 Nb8 18.Qc2 Kg7 19.Nh4 Ba6 20.Nd5 Qf8 21.Nf4 Be7 22.Rd4 Rc5
23.b4 axb4 24.axb4 Rg5 25.b5 Bc8 26.Nd3 e5 27.Re4 Bc5 28.Nf3 Rg6 29.Nh4 Rg5
30.Nf3 Rg6 31.Nxc5 Qxc5 32.Rd5 Qb4 33.Re3 Bb7 34.Rb3 Qe7 35.Rd1 Bxf3 36.Bxf3 d6
37.h4 Nd7 38.Bh5 Nc5 39.Ra3 f5 40.Qxf5 Rf6 41.Qg4+ Kh7 42.Rda1 Qe6 43.Ra8 Qxg4
44.Bxg4 Rxa8 45.Rxa8 Kg7 46.Rb8  1-0

[Event "Bern op"]
[Site "Bern"]
[Date "1994.??.??"]
[Round "4"]
[White "Bogdanov, Valentin"]
[Black "Eingorn, Vereslav S"]
[Result "1/2-1/2"]
[WhiteElo "2450"]
[BlackElo "2570"]

1.d4 Nf6 2.c4 e6 3.Nf3 b6 4.Nc3 Bb4 5.Bg5 Bb7 6.Rc1 O-O 7.e3 d6 8.Be2 Nbd7
9.O-O Bxc3 10.Rxc3 h6 11.Bh4 Re8 12.Nd2 c5 13.dxc5 bxc5 14.Bf3 Qc7 15.Rd3 Rab8
16.Bxf6 Nxf6 17.b3 Red8 18.Bxb7 Rxb7 19.e4 Qb6 20.Re1 Rbd7  1/2-1/2

[Event "Bern op"]
[Site "Bern"]
[Date "1994.??.??"]
[Round "6"]
[White "Gausel, Einar"]
[Black "Jurek, Josef"]
[Result "1-0"]
[WhiteElo "2485"]
[BlackElo "2280"]

1.Nf3 Nf6 2.c4 b6 3.d4 e6 4.Nc3 Bb7 5.a3 d5 6.Bg5 Be7 7.Qa4+ c6 8.cxd5 exd5
9.g3 O-O 10.Bg2 Nbd7 11.O-O a5 12.Rfd1 Re8 13.Qc2 b5 14.Rac1 Bd6 15.Bh3 Qb8
16.e3 h6 17.Bf4 Nb6 18.a4 Bc8 19.Bxd6 Qxd6 20.Bg2 Bd7 21.Ne5 b4 22.Ne2 Rac8
23.b3 c5 24.Nxd7 Nbxd7 25.dxc5 Nxc5 26.Nf4 Qa6 27.Nxd5 Nxd5 28.Bxd5 Ne4 29.Bc4 Qb7
30.Qd3 Qe7 31.Qf1 Nc3 32.Rd4 Rc7 33.Qd3 Qg5 34.Rc2 Rce7 35.Rf4 Qh5 36.Kg2 Qc5
37.Qf5 Qc7 38.Rd2 Rf8 39.Rg4 Qc6+ 40.Qf3 Qc7 41.Qf6  1-0

[Event "Biel op"]
[Site "Biel"]
[Date "1994.??.??"]
[Round "4"]
[White "Siegel, Georg"]
[Black "Eismont, Oleg"]
[Result "1-0"]
[WhiteElo "2385"]
[BlackElo "2440"]

1.d4 Nf6 2.c4 e6 3.Nf3 b6 4.Nc3 Bb4 5.Bg5 h6 6.Bh4 Bb7 7.e3 g5 8.Bg3 Ne4
9.Qc2 d6 10.Bd3 Bxc3+ 11.bxc3 Nxg3 12.fxg3 Nd7 13.O-O Qe7 14.e4 O-O-O 15.Qf2 h5
16.Nd2 Rdf8 17.h3 Rh6 18.Qe3 Rf6 19.Rfb1 h4 20.Nf3 hxg3 21.Qxg5 Qd8 22.a4 Rg8
23.Qe3 a5 24.c5 dxc5 25.Bb5 c6 26.Bc4 Qc7 27.e5 Rf5 28.Bd3 Rh5 29.Ra2 Rf8
30.Rab2 cxd4 31.cxd4 f6 32.Nd2 fxe5 33.Nc4 exd4 34.Qxe6 Re5 35.Qg4 Kb8 36.Nxe5 Nxe5
37.Qxd4 c5 38.Qe3 Rf6 39.Be2 Ka7 40.Bf1 Re6 41.Kh1 Qg7 42.Rb3 Rg6 43.Kg1 Qf6
44.Qxc5 Nd7 45.Qe3 Ne5 46.Rb5  1-0

[Event "Bucharest-A (Women)"]
[Site "Bucharest"]
[Date "1994.??.??"]
[Round "?"]
[White "Litinskaya, Marta I"]
[Black "Iosif, Cristina S"]
[Result "1-0"]
[WhiteElo "2290"]
[BlackElo "2230"]

1.d4 Nf6 2.c4 e6 3.Nf3 b6 4.Nc3 Bb7 5.a3 d5 6.cxd5 Nxd5 7.Qc2 Nxc3 8.bxc3 Nd7
9.e4 Be7 10.Bd3 c5 11.O-O Rc8 12.Qe2 O-O 13.Rd1 Qc7 14.e5 cxd4 15.cxd4 Bd5
16.h4 Bc4 17.Bg5 Bxd3 18.Qxd3 Bxg5 19.Nxg5 Qc2 20.Qf3 Rc3 21.Rdc1 Rxf3 22.Rxc2 Rd3
23.Nf3 Rd8 24.Rc7 a5 25.a4 f6 26.Rac1 fxe5 27.Rxd7 Rxd7 28.Rc8+ Kf7 29.Nxe5+ Ke7
30.Nxd3 Rxd4 31.Nb2 Rb4 32.Rc2 Rxh4 33.Rc4 Rh5 34.Rc7+  1-0

[Event "Bucharest-A"]
[Site "Bucharest"]
[Date "1994.??.??"]
[Round "?"]
[White "Anapolsky, Sergey"]
[Black "Panchenko, Alexander N"]
[Result "1-0"]
[WhiteElo "2445"]
[BlackElo "2480"]

1.d4 Nf6 2.c4 e6 3.Nf3 b6 4.Nc3 Bb7 5.a3 Ne4 6.Nxe4 Bxe4 7.e3 Be7 8.Bd3 Bxd3
9.Qxd3 d5 10.cxd5 exd5 11.O-O a5 12.e4 O-O 13.Bf4 Nd7 14.Rac1 dxe4 15.Qxe4 Nf6
16.Qb7 Bd6 17.Bxd6 cxd6 18.Rc7 Rb8 19.Qc6 h6 20.Rc1 b5 21.h3 Re8 22.b3 a4
23.b4 Re7 24.Rxe7 Qxe7 25.d5 Qa7 26.Re1 Qb7 27.Qxd6 Nxd5 28.Nd4 Rc8 29.Nf5 Kh7
30.Qg3 g6 31.Nd6 Qc7 32.Nxc8 Qxc8 33.Qf3  1-0

[Event "Buenos Aires PRENAJ"]
[Site "Buenos Aires"]
[Date "1994.??.??"]
[Round "1"]
[White "Casafus, Ruben"]
[Black "Diaz, Nahuel"]
[Result "1-0"]
[WhiteElo "2430"]
[BlackElo "2315"]

1.d4 Nf6 2.Nf3 e6 3.c4 b6 4.Nc3 Bb4 5.Bg5 h6 6.Bh4 g5 7.Bg3 Ne4 8.Qc2 f5
9.e3 d6 10.Bd3 Bb7 11.Bxe4 Bxc3+ 12.Qxc3 Bxe4 13.d5 O-O 14.Nd4 exd5 15.f3 f4
16.fxe4 fxg3 17.Ne6 Qe7 18.Nxf8 Qxf8 19.O-O-O Nd7 20.exd5 Re8 21.Rdf1 Qg7
22.Qxg7+ Kxg7 23.hxg3 Nc5 24.Rh3 Rxe3 25.Kd2 Rd3+ 26.Ke2 g4 27.Rh4 Rxg3 28.Kf2 Ne4+
29.Kg1 Kg6 30.Re1 Kg5 31.Rh1 Nc5 32.Re8 Rd3 33.Rg8+ Kf4 34.Kh2 g3+ 35.Kh3 Ne4
36.Rf1+ Ke5 37.Rf3 Rd2 38.Re8+ Kd4 39.Rf4 Re2 40.Kg4 Kd3 41.Rf3+ Kd2 42.Kf4  1-0

[Event "Capablanca mem-B"]
[Site "?"]
[Date "1994.??.??"]
[Round "4"]
[White "Matamoros Franco, Carlos S"]
[Black "Rodriguez, Amador"]
[Result "0-1"]
[WhiteElo "2400"]
[BlackElo "2470"]

1.d4 Nf6 2.c4 e6 3.Nf3 b6 4.Nc3 Bb7 5.a3 d5 6.Bg5 Be7 7.Qa4+ c6 8.Bxf6 Bxf6
9.cxd5 exd5 10.g3 O-O 11.Bg2 c5 12.O-O Qd6 13.dxc5 bxc5 14.Rfd1 Nd7 15.Ne1 Nb6
16.Qc2 Bxc3 17.Qxc3 Qe7 18.e3 Rac8 19.Bh3 Rc7 20.Rac1 Bc8 21.Bxc8 Rfxc8 22.Nd3 g6
23.h4 h5 24.Kh2 Qe4 25.Qf6 Rc6 26.Qg5 Nc4 27.Qf4 Qe7 28.b4 Rf6 29.Qg5 cxb4
30.axb4 Rd8 31.Nf4 Ne5 32.Kg2 Ng4 33.Rd4 Qe8 34.Nxh5 Rxf2+ 35.Kg1 Rf5 36.Qxf5 Qxe3+  0-1

[Event "Cappelle op"]
[Site "Cappelle la Grande"]
[Date "1994.??.??"]
[Round "2"]
[White "Gavrilov, Alexei"]
[Black "Detter, Peter"]
[Result "1-0"]
[WhiteElo "2430"]
[BlackElo "2205"]

1.d4 Nf6 2.c4 e6 3.Nf3 b6 4.Nc3 Bb7 5.a3 d5 6.Bg5 Be7 7.Qa4+ c6 8.Bxf6 Bxf6
9.cxd5 exd5 10.e3 O-O 11.Be2 Re8 12.O-O a5 13.Rac1 Ba6 14.Bxa6 Rxa6 15.Rfd1 Ra7
16.Ne2 g6 17.Nf4 Bg7 18.Nd3 f6 19.h4 Bf8 20.g3 Rg7 21.Rc3 Qd7 22.Nfe1 Qg4
23.Rdc1 g5 24.hxg5 fxg5 25.Qd1 Qxd1 26.Rxd1 Bd6 27.Nf3 Rc8 28.Rdc1 h6 29.b4 axb4
30.axb4 Rgc7 31.Nfe5 Kg7 32.Kg2 Kf6 33.Rh1 Rh8 34.Ra1 Rhc8 35.Ra8 c5 36.bxc5 bxc5
37.Rb3 cxd4 38.exd4 Rc3 39.Rb7 Ke6 40.Rh7 Bf8 41.Raa7 Nc6 42.Ra6 Kf5 43.f3 Nxe5
44.Rf7+  1-0

[Event "Ceske Budejovice op"]
[Site "Ceske Budejovice"]
[Date "1994.??.??"]
[Round "5"]
[White "Vokac, Marek"]
[Black "Prandstetter, Eduard"]
[Result "1-0"]
[WhiteElo "2450"]
[BlackElo "2380"]

1.d4 Nf6 2.c4 e6 3.Nf3 b6 4.Nc3 Bb7 5.a3 d5 6.cxd5 exd5 7.Bg5 Be7 8.e3 O-O
9.Qc2 Nbd7 10.Be2 Ne4 11.Bxe7 Qxe7 12.O-O c5 13.dxc5 Nxc3 14.Qxc3 bxc5 15.Rfe1 Nf6
16.Rac1 Rac8 17.Qa5 Ba8 18.Bd3 g6 19.Rc2 c4 20.Be2 Ne4 21.Nd4 Rc5 22.Qa4 Rb8
23.Bf3 Qc7 24.Rce2 Ra5 25.Qd1 c3 26.Qc1 Rc5 27.b4 Rc4 28.Rc2 Qe5 29.Bxe4 Qxe4
30.f3 Qe5 31.Rxc3 Rbc8 32.Rxc4 dxc4 33.Qc3 f5 34.Rd1 Qd5 35.Rd2 Qf7 36.Nb5 Qe6
37.Rd6 Qe7 38.Rd4 a6 39.Nd6 Rc6 40.Nxc4 Rc7 41.Qd3 Kg7 42.Qc3 Kg8 43.Qd2 Bc6
44.Rd8+ Kg7 45.Qd4+ Kh6 46.Rg8 Bb5 47.Rg7  1-0

[Event "Ceske Budejovice op"]
[Site "Ceske Budejovice"]
[Date "1994.??.??"]
[Round "7"]
[White "Vokac, Marek"]
[Black "Golod, Vitali"]
[Result "1-0"]
[WhiteElo "2450"]
[BlackElo "2505"]

1.d4 Nf6 2.c4 e6 3.Nf3 b6 4.Nc3 Bb7 5.Bg5 Bb4 6.e3 h6 7.Bh4 Bxc3+ 8.bxc3 d6
9.Bd3 Nbd7 10.Qc2 Qe7 11.e4 e5 12.Nd2 c5 13.f3 Nf8 14.dxe5 dxe5 15.Nf1 Ng6
16.Bg3 Nh5 17.Ne3 Nxg3 18.hxg3 O-O-O 19.Rh5 Nf8 20.Nd5 Bxd5 21.cxd5 Nd7 22.Bb5 Nf6
23.Rh1 Ne8 24.Bxe8 Rhxe8 25.c4 Rd6 26.Kf2 Qg5 27.a4 a5 28.Qc1 Qg6 29.Rh4 f6
30.Qe3 Qf7 31.Rb1 Qc7 32.g4 Kb7 33.Rb5 Ka7 34.Ke2 Rd7 35.Kd2 Rd6 36.Kc2 Rd7
37.Kb2 Rd6 38.Ka3 Rd7 39.Rh1 Rd6 40.Rhb1 Ka6 41.R5b3 Rh8 42.g3 Re8 43.R1b2 Qd7
44.Qg1 Qe7 45.Qb1 Qc7 46.f4 Qd8 47.Rf2 Ka7 48.Rbf3 Qd7 49.g5 hxg5 50.fxg5 Qf7
51.gxf6 gxf6 52.Rf5 Rg8 53.R2f3 Qh7 54.Rb3 Qh2 55.Qe1 Rg4 56.Rf2 Qh7 57.Re3 Qg6
58.Rb2 Ka6 59.Rbb3 Ka7 60.Qh1 Kb7 61.Qf3 Qg5 62.Re1 Qg6 63.Rbe3 Rd7 64.Rf1 Rg7
65.Rg1 Rh7 66.Rb1 Rh3 67.Reb3 Rgxg3 68.Rxb6+ Ka7 69.Rb7+ Ka8 70.Rb8+ Ka7
71.R1b7+ Ka6 72.Rb3 Ka7 73.R8b7+ Ka8 74.R7b5  1-0

[Event "Ceske Budejovice op"]
[Site "Ceske Budejovice"]
[Date "1994.??.??"]
[Round "8"]
[White "Orsag, Milan"]
[Black "Jurka, Miroslav"]
[Result "1/2-1/2"]
[WhiteElo "2405"]
[BlackElo "2335"]

1.d4 Nf6 2.Nf3 e6 3.c4 b6 4.Nc3 Bb7 5.a3 Ne4 6.Nxe4 Bxe4 7.Nd2 Bb7 8.e4 g6
9.Bd3 Bg7 10.Nf3 d6 11.Bg5 Qd7 12.Rb1 Nc6 13.Be3 O-O 14.O-O Ne7 15.d5 c6
16.dxe6 Qxe6 17.Re1 c5 18.b4 Nc6 19.Ng5 Qe7 20.f4 Nd4 21.Kh1 Rae8 22.bxc5 bxc5
23.Qg4 Bc6 24.Qh3 h6 25.Nf3 Rb8 26.Nxd4 cxd4 27.Bd2 Rxb1 28.Bxb1 Re8 29.e5 dxe5  1/2-1/2

[Event "Copenhagen op2"]
[Site "Copenhagen"]
[Date "1994.??.??"]
[Round "3"]
[White "Clausen, Steen"]
[Black "Nielsen, Carsten Juul"]
[Result "1/2-1/2"]
[WhiteElo "2275"]
[BlackElo "2015"]

1.d4 Nf6 2.c4 e6 3.Nf3 b6 4.Nc3 Bb4 5.Bg5 h6 6.Bh4 Bxc3+ 7.bxc3 Bb7 8.Nd2 d6
9.f3 Nbd7 10.e4 e5 11.Bd3 Nf8 12.Bf2 Ne6 13.g3 Nd7 14.c5 Qf6 15.cxd6 exd4
16.cxd4 Nxd4 17.O-O c5 18.f4 Qxd6 19.e5 Qe7 20.Bxd4 cxd4 21.Be4 Nc5 22.Bxb7 Qxb7
23.Nc4 Qd5 24.Nd6+ Kf8 25.Qg4 d3 26.Rad1 h5 27.Qg5 Ne4 28.Nxe4 Qxe4 29.Rfe1 Qd4+
30.Kg2 Qd5+ 31.Kh3 h4 32.Re3 hxg3+ 33.Kxg3 d2 34.f5 Qd4 35.e6 Qd6+ 36.Kg4 Re8
37.h4 Qd4+ 38.Kg3 f6 39.Qf4 Rxh4 40.Qxd4 Rxd4 41.Re2 g6 42.fxg6 Kg7 43.Rexd2 Re4
44.Rd7+ Kxg6 45.Rxa7 R8xe6 46.Rd3 b5 47.Rb7 b4 48.Rb3 Re3+ 49.Rxe3 Rxe3+  1/2-1/2

[Event "Copenhagen op16"]
[Site "Copenhagen"]
[Date "1994.??.??"]
[Round "3"]
[White "Hvenekilde, Jorgen"]
[Black "Stefansson, Hannes"]
[Result "0-1"]
[WhiteElo "2320"]
[BlackElo "2525"]

1.d4 Nf6 2.c4 e6 3.Nf3 b6 4.Nc3 Bb7 5.Bg5 Bb4 6.e3 h6 7.Bxf6 Bxc3+ 8.bxc3 Qxf6
9.Be2 O-O 10.O-O d6 11.Nd2 Nd7 12.f4 Qg6 13.Bf3 Bxf3 14.Rxf3 Nf6 15.Qb1 Qxb1+
16.Rxb1 Rfe8 17.h3 e5 18.fxe5 dxe5 19.Kf1 Rad8 20.a4 Nd7 21.Nb3 Re6 22.Ke2 Nf6
23.Kd2 Rc6 24.Rf5 exd4 25.cxd4 Rxc4 26.a5 Re8 27.Kd3 Rb4 28.Nd2 Ra4 29.Rc1 Ra3+  0-1

[Event "Copenhagen op16"]
[Site "Copenhagen"]
[Date "1994.??.??"]
[Round "6"]
[White "Gretarsson, Helgi Ass"]
[Black "Pioch, Thomas"]
[Result "1-0"]
[WhiteElo "2390"]
[BlackElo "2165"]

1.d4 Nf6 2.c4 e6 3.Nf3 b6 4.Nc3 Bb4 5.Qb3 a5 6.g3 Nc6 7.Bg2 a4 8.Qc2 Ba6
9.O-O Bxc4 10.Ne5 Nxe5 11.dxe5 Nd5 12.Nxa4 b5 13.Nc3 Bxc3 14.bxc3 Ra4 15.Rd1 Qa8
16.a3 Qa5 17.Bb2 O-O 18.Rd4 c5 19.Rh4 f5 20.e4 Ne7 21.Rd1 Qc7 22.Bc1 Ng6
23.Rh5 f4 24.Rg5 f3 25.Bf1 Bxf1 26.Kxf1 Rf7 27.h4 Qc6 28.h5 Nf8 29.Rg4 Rc4
30.Rd6 Qa8 31.Qd3 Qa5 32.Bb2 Qa4 33.Qd1 Rxe4 34.Qxa4 Rxa4 35.Rxa4 bxa4 36.c4 Rf5
37.h6 Rh5 38.Kg1 gxh6 39.Ra6 Ng6 40.Ra5 Nxe5 41.Rxc5 d6 42.Ra5 Rg5 43.Rxa4 Nd3
44.Bd4 e5 45.Be3 Rg4 46.Ra6 Rxc4 47.Rxd6 Nc1 48.Rf6 Kg7 49.Rxf3 e4 50.Rf5 Nd3
51.Ra5 h5 52.Rg5+ Kf6 53.Rxh5 Ra4 54.Rxh7 Rxa3 55.Kg2 Ne1+ 56.Kh3 Nc2 57.Bc5 Rc3
58.Ba7 Ke6 59.Rh4 Kd5 60.Rh5+ Ke6 61.Rc5 Rxc5 62.Bxc5 Ne1 63.Kg4 Nd3 64.Bd4 Kd5
65.Be3 Ke6 66.Kg5 Ne5 67.Kf4 Kd5 68.Kf5  1-0

[Event "CZE-ch"]
[Site "?"]
[Date "1994.??.??"]
[Round "9"]
[White "Vokac, Marek"]
[Black "Votava, Jan"]
[Result "0-1"]
[WhiteElo "2485"]
[BlackElo "2410"]

1.d4 Nf6 2.c4 e6 3.Nf3 b6 4.Nc3 d5 5.Bg5 Be7 6.e3 Bb7 7.Qa4+ c6 8.cxd5 exd5
9.Be2 O-O 10.O-O Nbd7 11.Rac1 Re8 12.Bf4 a6 13.Qc2 g6 14.Rfd1 b5 15.h3 Qb6
16.Ne5 Rad8 17.Bf3 Nf8 18.g4 Ne6 19.Ne2 Rc8 20.g5 Ne4 21.Bxe4 dxe4 22.h4 Qa5
23.a3 c5 24.d5 Nxf4 25.exf4 Rcd8 26.Nc3 f6 27.gxf6 Bxf6 28.Nxe4 Bxe5 29.fxe5 Rxe5
30.Nf6+ Kg7 31.Ng4 Rexd5 32.Rxd5 Rxd5 33.Qe2 Qc7 34.Re1 Bc8 35.Qe8 Rd7 36.h5 gxh5
37.Qxh5 Qf4 38.f3 Qg3+  0-1

[Event "Dresden op"]
[Site "Dresden"]
[Date "1994.??.??"]
[Round "?"]
[White "Schlosser, Philipp"]
[Black "Chernyshov, Konstantin"]
[Result "0-1"]
[WhiteElo "2510"]
[BlackElo "2485"]

1.d4 e6 2.Nf3 Nf6 3.c4 b6 4.Nc3 Bb7 5.a3 d5 6.Qc2 Be7 7.cxd5 exd5 8.g3 O-O
9.Bg2 Nbd7 10.O-O c5 11.Rd1 Re8 12.Qf5 Qc8 13.Bf4 Nf8 14.Qxc8 Raxc8 15.dxc5 Bxc5
16.e3 Ng6 17.Ne1 Nxf4 18.gxf4 Rcd8 19.Nd3 Bd6 20.Nb4 Bxb4 21.axb4 a6 22.Rd3 Kf8
23.Rad1 Rc8 24.Kf1 Ke7 25.Nxd5+ Bxd5 26.Bxd5 Rc2 27.Bb7 Rxb2 28.Bxa6 Ra8
29.b5 Ra7 30.Kg2 Rc7 31.R1d2 Rxd2 32.Rxd2 Ne4 33.Rd5 Nc5 34.Rd1 Rd7 35.Rb1 Kd8
36.Kf3 Rd2 37.f5 g5 38.h4 h6 39.hxg5 hxg5 40.Rh1 Ke7 41.Rh8 Nd3 42.e4 Ne5+
43.Ke3 Rd3+ 44.Ke2 Rd4 45.Bb7 Rb4 46.Bc6 Kd6 47.Rd8+ Kc7 48.Rf8 Kd6 49.Ke3 Rb3+
50.Kd2 Rb2+ 51.Ke1 Nd3+ 52.Kf1 Rxf2+ 53.Kg1 Ke5 54.Rxf7 Rd2 55.Kf1 g4 56.Rg7 Kf4
57.f6 Kg3 58.f7 Rf2+ 59.Kg1 Ne5  0-1

[Event "Eger op"]
[Site "Eger"]
[Date "1994.??.??"]
[Round "4"]
[White "Kaiser, Dieter"]
[Black "Horvath, Sandor"]
[Result "1/2-1/2"]
[WhiteElo "2260"]
[BlackElo "2320"]

1.d4 Nf6 2.c4 e6 3.Nf3 b6 4.Nc3 Bb7 5.a3 d5 6.cxd5 exd5 7.Qa4+ c6 8.Bg5 Be7
9.e3 O-O 10.Bd3 Nbd7 11.O-O h6 12.Bxf6 Nxf6 13.b4 Bd6 14.Rfe1 Re8 15.e4 dxe4
16.Nxe4 Nd5 17.Nxd6 Rxe1+ 18.Rxe1 Qxd6 19.Qc2 g6 20.h4 h5 21.Bc4 Rd8 22.Re5 Bc8
23.Bxd5 cxd5 24.Qa4 Qc7 25.Re8+ Rxe8 26.Qxe8+ Kg7 27.Qe3 f6 28.Nh2 Bf5 29.Nf1 Qd7
30.Ng3 Be6 31.Ne2 Bf7 32.Nf4 Qf5 33.g3 g5 34.hxg5 fxg5 35.Nd3 Kf6 36.Qe5+ Qxe5
37.Nxe5 Be8  1/2-1/2

[Event "Petrosian mem"]
[Site "Erevan"]
[Date "1994.??.??"]
[Round "?"]
[White "Petrosian, Arshak B"]
[Black "Anastasian, Ashot"]
[Result "0-1"]
[WhiteElo "2455"]
[BlackElo "2545"]

1.d4 Nf6 2.Nf3 e6 3.c4 b6 4.Nc3 Bb7 5.a3 d5 6.Bg5 Be7 7.Qa4+ c6 8.Bxf6 Bxf6
9.cxd5 exd5 10.g3 O-O 11.Bg2 Nd7 12.O-O Qe7 13.Rfd1 Rfd8 14.Rac1 c5 15.e3 a6
16.dxc5 Nxc5 17.Qb4 Rd6 18.a4 Rc8 19.Nd4 g6 20.Nde2 Rcd8 21.a5 d4 22.exd4 Bxg2
23.Kxg2 Ne4 24.axb6 Nxc3 25.Nxc3 Qb7+ 26.d5 Rxb6 27.Qc4 Bxc3 28.bxc3 Rb5
29.Qe4 Rdxd5 30.Rxd5 Qxd5 31.Qxd5 Rxd5 32.c4 Rc5 33.Kf1 Kf8 34.Ke2 Ke7 35.Kd3 Kd6
36.Rb1 Kc6 37.Rb8 Rf5 38.f4 h5 39.h4 a5 40.Kc3 Kc7 41.Rf8 Kd6  0-1

[Event "FIN-chT"]
[Site "?"]
[Date "1994.??.??"]
[Round "?"]
[White "Luik, Helmuth"]
[Black "Henttinen, Markku IO"]
[Result "0-1"]
[WhiteElo "2295"]
[BlackElo "2295"]

1.d4 Nf6 2.c4 e6 3.Nf3 b6 4.Nc3 Bb4 5.Qb3 c5 6.Bg5 h6 7.Bh4 g5 8.Bg3 Ne4
9.e3 cxd4 10.Nxd4 Na6 11.O-O-O Bxc3 12.bxc3 Nac5 13.Qc2 Nxg3 14.hxg3 a6 15.Be2 Bb7
16.Bf3 Bxf3 17.gxf3 Qf6 18.f4 O-O-O 19.Nb3 Na4 20.Rd4 d6 21.Qe4 Kc7 22.Kc2 e5
23.Rd3 exf4 24.gxf4 Rhe8 25.Qf3 Nc5 26.Nxc5 dxc5 27.Rxd8 Rxd8 28.f5 Qd6 29.Qg3 Rh8
30.Qf3 Rd8 31.Qg3 Rh8 32.Rh5 b5 33.Kb3 Qxg3 34.fxg3 Kd6 35.a4 bxa4+ 36.Kxa4 Ke5
37.g4 Ke4 38.Rh3 Kd3 39.Ka5 Kxc3 40.Kxa6 Kxc4 41.Kb6 Kd5 42.Kc7 f6 43.Kd7 Rh7+
44.Ke8 Ke5 45.Kf8 c4 46.Kg8 Rc7 47.Rxh6 c3  0-1

[Event "FRA-chT "]
[Site "FRA"]
[Date "1994.??.??"]
[Round "?"]
[White "Legky, Nikolay A"]
[Black "Djuric, Stefan"]
[Result "1/2-1/2"]
[WhiteElo "2525"]
[BlackElo "2480"]

1.d4 e6 2.c4 Nf6 3.Nf3 b6 4.Nc3 Bb4 5.Bg5 h6 6.Bh4 Ba6 7.e3 c5 8.Be2 cxd4
9.Nxd4 Bb7 10.Bf3 Nc6 11.Nb5 O-O 12.Nd6 Ba6 13.O-O Bxd6 14.Qxd6 Bxc4 15.Rfd1 Rc8
16.Rac1 g5 17.Bg3 a5 18.Ne4 Nxe4 19.Bxe4 Bb5 20.h3 Ne7 21.Be5 Rxc1 22.Rxc1 Nc6
23.Bc3 Qe7 24.Rd1 Rc8 25.f4 Qxd6 26.Rxd6 gxf4 27.exf4 f5 28.Bf3 Rc7 29.g4 fxg4
30.hxg4 Kf7 31.f5 Ke7 32.Rd2 exf5 33.gxf5 Bc4 34.f6+ Kf8 35.Rd6 Bxa2 36.Kg2 Be6
37.Kg3 b5 38.Bd2 Kf7 39.Bc3 Kg8 40.Bh5 Bf7 41.Bg4 b4 42.Bd2 Ne5 43.Bf5 Rc6
44.Rxc6 dxc6 45.Bxh6 a4 46.Bc1 c5 47.Kf4 Nc6 48.Bc2 Nd4 49.Bd1 Bb3 50.Bh5 Bf7
51.Bd1 Bb3 52.Bh5 Bf7 53.Bd1 Bg6 54.Bxa4 Ne2+ 55.Kg5 Nxc1 56.Kxg6 c4 57.Bb5 c3
58.bxc3 bxc3 59.Ba4 Ne2  1/2-1/2

[Event "Garmisch"]
[Site "Garmisch"]
[Date "1994.??.??"]
[Round "6"]
[White "Bischoff, Klaus"]
[Black "Kindermann, Stefan"]
[Result "1/2-1/2"]
[WhiteElo "2525"]
[BlackElo "2560"]

1.d4 Nf6 2.c4 e6 3.Nf3 b6 4.Nc3 Bb4 5.Bg5 Bb7 6.e3 h6 7.Bh4 Bxc3+ 8.bxc3 d6
9.Nd2 g5 10.Bg3 Qe7 11.h4 Rg8 12.hxg5 hxg5 13.Qa4+ Qd7 14.Qc2 Qe7 15.Qa4+ Qd7
16.Qc2 Qe7 17.Qa4+  1/2-1/2

[Event "Peer Gynt"]
[Site "Gausdal"]
[Date "1994.??.??"]
[Round "2"]
[White "Gretarsson, Helgi Ass"]
[Black "Davies, Nigel R"]
[Result "1/2-1/2"]
[WhiteElo "2450"]
[BlackElo "2510"]

1.d4 Nf6 2.c4 e6 3.Nf3 b6 4.Nc3 Bb7 5.a3 d5 6.cxd5 exd5 7.Bf4 Bd6 8.Ne5 Nh5
9.Qa4+ c6 10.Bg3 O-O 11.e3 Re8 12.Nf3 Nxg3 13.hxg3 Nd7 14.Bd3 g6 15.O-O Nf6
16.Rfe1 c5  1/2-1/2

[Event "Peer Gynt"]
[Site "Gausdal"]
[Date "1994.??.??"]
[Round "4"]
[White "Andersen, Jackie"]
[Black "Davies, Nigel R"]
[Result "1/2-1/2"]
[WhiteElo "2325"]
[BlackElo "2510"]

1.d4 Nf6 2.c4 e6 3.Nf3 b6 4.Nc3 Bb7 5.a3 d5 6.cxd5 exd5 7.Bf4 Bd6 8.Bxd6 Qxd6
9.e3 O-O 10.Bd3 a6 11.O-O Nbd7 12.b4 Rfe8 13.Qc2 Ne4 14.Rfc1 Rac8 15.Qe2 Ra8
16.Qc2 Rac8 17.Qe2 Ra8 18.Qc2  1/2-1/2

[Event "Arnold Cup"]
[Site "Gausdal"]
[Date "1994.??.??"]
[Round "5"]
[White "Reeh, Oliver"]
[Black "Giddins, Stephen"]
[Result "1/2-1/2"]
[WhiteElo "2430"]
[BlackElo "2290"]

1.d4 e6 2.Nf3 Nf6 3.c4 b6 4.Nc3 Bb4 5.Bg5 Bb7 6.e3 h6 7.Bh4 Bxc3+ 8.bxc3 d6
9.Nd2 Nbd7 10.f3 Qe7 11.e4 e5 12.Be2 O-O-O 13.Nf1 g5 14.Bf2 Nf8 15.Ne3 Ng6
16.a4 a5 17.Qb3 Nf4 18.Bf1 Rhe8 19.d5 Nd7 20.g3 Ng6 21.Bh3 Qf6 22.Bxd7+ Rxd7
23.Nf5 Ne7 24.g4 h5 25.Rb1 hxg4 26.fxg4 Nxf5 27.gxf5 Qh6 28.O-O Rh8 29.Bg3 f6
30.Rf2 Qh5 31.Re1 Ba6 32.c5 dxc5 33.c4 Qg4 34.Rc2 Kd8  1/2-1/2

[Event "Peer Gynt"]
[Site "Gausdal"]
[Date "1994.??.??"]
[Round "7"]
[White "Gretarsson, Helgi Ass"]
[Black "Psakhis, Lev"]
[Result "1/2-1/2"]
[WhiteElo "2450"]
[BlackElo "2605"]

1.d4 e6 2.c4 Nf6 3.Nf3 b6 4.Nc3 Bb4 5.Qb3 Qe7 6.g3 Ne4 7.Bg2 Bb7 8.O-O Bxc3
9.bxc3 Nc6 10.Ba3 d6 11.Ne5 Nxe5 12.dxe5 O-O 13.Rfd1 Rfd8 14.Rd4 Nc5 15.Bxc5 Bxg2
16.exd6 cxd6 17.Bxd6 Rxd6 18.Kxg2 Rc6 19.Rad1 g6 20.Qa4 Rc7 21.Rd6 Rac8 22.Rd7 Qc5
23.Rd8+ Rxd8 24.Rxd8+ Kg7 25.Qe8 Qc6+ 26.Qxc6 Rxc6 27.Rd7 Rxc4 28.Rxa7 Rxc3
29.Ra6  1/2-1/2

[Event "BL2-S9394"]
[Site "Germany"]
[Date "1994.??.??"]
[Round "?"]
[White "Fahnenschmidt, Gerhard"]
[Black "Bezold, Michael"]
[Result "1/2-1/2"]
[WhiteElo "2395"]
[BlackElo "2515"]

1.d4 Nf6 2.c4 e6 3.Nf3 b6 4.Nc3 Bb4 5.Bg5 Bb7 6.e3 h6 7.Bh4 g5 8.Bg3 Ne4
9.Qc2 d6 10.Bd3 Bxc3+ 11.bxc3 f5 12.d5 exd5 13.cxd5 Bxd5  1/2-1/2

[Event "NRW-Liga II 9394"]
[Site "Germany"]
[Date "1994.??.??"]
[Round "?"]
[White "Werbeck, Torsten"]
[Black "Maus, Siegfried"]
[Result "1/2-1/2"]
[WhiteElo "2265"]
[BlackElo "2305"]

1.d4 Nf6 2.Nf3 b6 3.c4 e6 4.Nc3 Bb7 5.g3 c5 6.d5 exd5 7.cxd5 d6 8.Bg2 g6
9.O-O Bg7 10.Bf4 O-O 11.e4 Re8 12.Re1 Nh5 13.Bg5 Qd7 14.a4 Na6 15.Bf1 Nc7
16.Qb3  1/2-1/2

[Event "Oberliga Nord O9495"]
[Site "Germany"]
[Date "1994.??.??"]
[Round "?"]
[White "Von Herman, Ulf"]
[Black "Thal, Olaf"]
[Result "1-0"]
[WhiteElo "2290"]
[BlackElo "2310"]

1.d4 Nf6 2.c4 e6 3.Nf3 b6 4.Nc3 Bb7 5.g3 d5 6.cxd5 Nxd5 7.Bg2 Be7 8.O-O O-O
9.Re1 c5 10.e4 Nxc3 11.bxc3 cxd4 12.cxd4 Nc6 13.Bb2 Rc8 14.Rc1 Na5 15.Qd3 Qd6
16.d5 Rxc1 17.Rxc1 Rd8 18.Nd4 Qb4 19.Bc3 Qa3 20.Qb1 exd5 21.Bb2 Qa4 22.exd5 Bxd5
23.Nf5 Bf8 24.Rd1 Qb5 25.a4 Qb3 26.Rd3 Qxa4 27.Bxd5 Re8 28.Rf3 Qd7 29.Nh6+ gxh6
30.Bxf7+ Qxf7 31.Rxf7 Kxf7 32.Qf5+  1-0